Das Ausgabebudget der Privatwwirtschaften. (Record no. 23634)

MARC details
000 -LEADER
fixed length control field 00976cam a22002531 4500
001 - CONTROL NUMBER
control field g 01001044
003 - CONTROL NUMBER IDENTIFIER
control field DLC
005 - DATE AND TIME OF LATEST TRANSACTION
control field 20260227111253.0
008 - FIXED-LENGTH DATA ELEMENTS--GENERAL INFORMATION
fixed length control field 920515s1888 gw b 000 0 ger
010 ## - LIBRARY OF CONGRESS CONTROL NUMBER
LC control number g 01001044
035 ## - SYSTEM CONTROL NUMBER
System control number (OCoLC)25819828
040 ## - CATALOGING SOURCE
Original cataloging agency DLC
Transcribing agency CSt
Modifying agency DLC
042 ## - AUTHENTICATION CODE
Authentication code premarc
050 00 - LIBRARY OF CONGRESS CALL NUMBER
Classification number HD6978
Item number .H2
100 1# - MAIN ENTRY--PERSONAL NAME
Personal name Hampke, Carl,
Dates associated with a name 1863-
245 04 - TITLE STATEMENT
Title Das Ausgabebudget der Privatwwirtschaften.
Statement of responsibility, etc. Von Dr. Carl Hampke.
260 ## - PUBLICATION, DISTRIBUTION, ETC.
Place of publication, distribution, etc. Jena,
Name of publisher, distributor, etc. G. Fischer,
Date of publication, distribution, etc. 1888.
300 ## - PHYSICAL DESCRIPTION
Extent 4 p. l., [v]-vi, 148, [1], lvii p.
Dimensions 24 cm.
490 0# - SERIES STATEMENT
Series statement Sammlung nationalökonomischer und statistischer Abhandlungen des staatswissenschaftlichen Seminars zu Halle a.d.S.;
Volume/sequential designation 4. Bd., 6. Hft.
500 ## - GENERAL NOTE
General note "Die Litteratur bezüglich der Erhebung von Ausgabebudget": p. 8-42.
504 ## - BIBLIOGRAPHY, ETC. NOTE
Bibliography, etc. note "Die Litteratur über die Erhebung von Budgets zu bestimmte Spezialzwecken": p. 42-45.
500 ## - GENERAL NOTE
General note [Full name: Paul Rudolf Carl Hampke]
650 #0 - SUBJECT ADDED ENTRY--TOPICAL TERM
Topical term or geographic name entry element Cost and standard of living.

No items available.

Powered by Koha